• 首页
  • 本馆介绍
  • 公告通知
  • 最新文献
  • 馆藏检索
  • 电子资源
  • 读者导购
  • 参考咨询
  • 我的图书馆
  • 登录
  • 详细信息显示
  • 放入我的书架
  • 预约/预借图书
  • 作者相关作品
  • 分类相关作品
  • 丛书相关作品
  • 出版社相关作品

书目信息

  • 表格格式
  • 工作单格式
  • 卡片格式
题名:
弱水一瓢:舞蹈的寻觅与所得
    
 
作者:
分册:  
出版信息: 北京   中国文联出版社  
页数: 434页
开本: 24cm
丛书名:
单 册:
中图分类: J723
科图分类:
主题词: 舞蹈艺术--中国 , 舞剧--中国
电子资源:
ISBN: 978-7-5190-2129-0
000 00543nam0 2200181 450
001 202410163199090877
005 20241018154602.24
010    @a978-7-5190-2129-0@dCNY84.00
100    @a20241016d km y0chiy0120 ea
101 0  @achi
200 1  @a弱水一瓢:舞蹈的寻觅与所得@ARuo Shui Yi Piao:Wu Dao De Xun Mi Yu Suo De
210    @a北京@c中国文联出版社
215    @a434页@d24cm
606 0  @a舞蹈艺术@x中国
606 0  @a舞剧@x中国
690    @aJ723@v4
801  0 @aCN@b大连网信软件有限公司图书馆·11@c20241018
905    @aZUCC@b1058790@dJ723@e376@f1
    
    弱水一瓢:舞蹈的寻觅与所得.-北京:中国文联出版社
    434页;24cm
    
    
    ISBN 978-7-5190-2129-0:CNY84.00
    
●
相关链接 在E读中查询图书 在五车中查询图书 在当当中查询图书 在豆瓣中查询图书


正题名:弱水一瓢:舞蹈的寻觅与所得     索取号:J723/376         预约/预借

序号 登录号 条形码 馆藏地/架位号 状态 备注
1 1058790   210587907   密集书库-音乐系/ [索取号:J723/376] 在馆    
唐山师范学院图书馆 欢迎您!
大连网信软件有限公司© 版权所有